| 000 | 00624nam a2200193 u 4500 | ||
|---|---|---|---|
| 005 | 20241011063830.0 | ||
| 008 | 190911s2015 r 000 0 eng d | ||
| 035 | _aUPN01000232786 | ||
| 049 | _aCG | ||
| 050 | 4 |
_aKGF6728.6 C4.8 _bD4.7 |
|
| 245 | 0 | 4 |
_aLos derechos de la infancia y la adolescencia en Chihuahua / _ced. Alejandra Castillo. |
| 260 |
_aMéxico : _bUNICEF, _c2015. |
||
| 300 |
_a133 p. : _bil. col., gráfs., tablas |
||
| 650 | 4 |
_aDERECHOS DE LOS NIÑOS - _zCHIHUAHUA _927788 |
|
| 650 | 2 |
_aDerechos de los adolescentes _926743 |
|
| 700 | 1 |
_aCastillo, Alejandra, _eed. |
|
| 905 | _aLibro | ||
| 999 |
_c204881 _d204881 |
||